000
00337nam a2200145Ia 4500
005
20251222144915.0
008
251222s9999||||xx |||||||||||||| ||spa||
020
_a
8487317014
082
_a
700/D88
100
_a
Dominguez Otiz, Antonio
245
0
_a
Velázquez
250
_a
1ra. ed.
264
_b
J.S. Impresor, S.A.
942
_c
LIB
999
_c
22483
_d
22483